Most Popular Songs Produced By Metro Boomin - Statistics

General Stats
  • This quiz has been taken 43 times
  • The average score is 12 of 20
Answer Stats
No. Artist Song Streams % Correct
19 Future, Kendrick Lamar Like That 806,029,922
89%
7 The Weeknd, Playboi Carti,Madonna Popular 1,146,873,884
81%
4 The Weeknd, 21 Savage Creepin' 1,600,432,700
74%
1 Post Malone, Quavo Congratulations 2,175,156,756
70%
5 Kanye West Father Stretch My Hands Pt.1 1,359,692,824
70%
2 Future Mask Off 1,888,918,786
70%
12 Migos, Lil Uzi Vert Bad and Boujee 992,313,138
67%
11 Don Toliver, Future Too Many Nights 993,742,342
67%
13 Future, Chris Brown Superhero 917,937,180
63%
3 Offset Ric Flair Drip 1,807,950,164
59%
16 21 Savage Runnin 841,393,971
59%
6 21 Savage Bank Account 1,228,021,663
56%
18 21 Savage Glock In My Lap 824,888,722
56%
9 The Weeknd Heartless 1,122,028,727
56%
10 Gunna Space Cadet 1,062,487,020
56%
14 Travis Scott, Young Thug Trance 916,417,706
56%
15 Drake, Future Jumpman 859,380,610
52%
17 Drake, 21 Savage, Project Pat Knife Talk 829,247,514
52%
8 Future, The Weeknd Low Life 1,140,835,199
48%
20 Big Sean Bounce Back 734,252,083
22%
No matching quizzes found
Score Distribution
Percent of People with Each Score
Percentile by Number Answered
Your Score History
You have not taken this quiz